000
00230nam a22000977a 4500
999
_c
2615
_d
2615
082
_a
363.5
100
_a
Rowshan, Arthur
245
_a
Stress :An Owner's Manual
_b
Stress :An Owner's Manual
260
_a
USA
_b
CRC
_c
2016
942
_c
BK